<?xml version="1.0" encoding="UTF-8"?>
<record
    xmlns:xsi="http://www.w3.org/2001/XMLSchema-instance"
    xsi:schemaLocation="http://www.loc.gov/MARC21/slim http://www.loc.gov/standards/marcxml/schema/MARC21slim.xsd"
    xmlns="http://www.loc.gov/MARC21/slim">

  <leader>00796nam a22002177a 4500</leader>
  <controlfield tag="005">20180720115335.0</controlfield>
  <datafield tag="010" ind1=" " ind2=" ">
    <subfield code="a">B-698573</subfield>
  </datafield>
  <datafield tag="020" ind1=" " ind2=" ">
    <subfield code="a">8189301132</subfield>
    <subfield code="c">550.00</subfield>
  </datafield>
  <datafield tag="035" ind1=" " ind2=" ">
    <subfield code="a">B-698573</subfield>
  </datafield>
  <datafield tag="037" ind1=" " ind2=" ">
    <subfield code="b">R.K. Books</subfield>
  </datafield>
  <datafield tag="082" ind1=" " ind2=" ">
    <subfield code="2">2019</subfield>
    <subfield code="a">380</subfield>
  </datafield>
  <datafield tag="100" ind1=" " ind2=" ">
    <subfield code="a">Shivani, M</subfield>
  </datafield>
  <datafield tag="245" ind1=" " ind2=" ">
    <subfield code="a">UGC NET/SET  Commerce/</subfield>
    <subfield code="c">M.Shivani</subfield>
  </datafield>
  <datafield tag="260" ind1=" " ind2=" ">
    <subfield code="a">New Delhi</subfield>
    <subfield code="b">Danika Publishing Company</subfield>
    <subfield code="c">2019</subfield>
  </datafield>
  <datafield tag="270" ind1=" " ind2=" ">
    <subfield code="a">4215/1,Ansari Road Daryaganl</subfield>
    <subfield code="b">,New Delhi</subfield>
    <subfield code="e">110002</subfield>
  </datafield>
  <datafield tag="300" ind1=" " ind2=" ">
    <subfield code="a">viii,636 P.</subfield>
    <subfield code="c">24x18 C.M.</subfield>
  </datafield>
  <datafield tag="490" ind1=" " ind2=" ">
    <subfield code="a">Trueman's specific series </subfield>
  </datafield>
  <datafield tag="500" ind1=" " ind2=" ">
    <subfield code="a">with previous years papers and model papers </subfield>
  </datafield>
  <datafield tag="942" ind1=" " ind2=" ">
    <subfield code="2">ddc</subfield>
    <subfield code="c">EN</subfield>
    <subfield code="h">380</subfield>
    <subfield code="m">SHI</subfield>
  </datafield>
  <datafield tag="999" ind1=" " ind2=" ">
    <subfield code="c">154203</subfield>
    <subfield code="d">154203</subfield>
  </datafield>
  <datafield tag="952" ind1=" " ind2=" ">
    <subfield code="0">0</subfield>
    <subfield code="1">0</subfield>
    <subfield code="3">R.P. Books</subfield>
    <subfield code="4">0</subfield>
    <subfield code="7">0</subfield>
    <subfield code="8">NFIC</subfield>
    <subfield code="a">L</subfield>
    <subfield code="b">L</subfield>
    <subfield code="d">2018-07-17</subfield>
    <subfield code="e">R.K. Books/154/26.06.208/IN759/18-19/05.07.18/12.07.2018</subfield>
    <subfield code="g">550.00</subfield>
    <subfield code="l">62</subfield>
    <subfield code="m">100</subfield>
    <subfield code="o">380 SHI</subfield>
    <subfield code="p">B-698573</subfield>
    <subfield code="q">2026-06-09</subfield>
    <subfield code="r">2026-05-26 16:27:45</subfield>
    <subfield code="s">2026-05-26</subfield>
    <subfield code="t">1</subfield>
    <subfield code="v">550.00</subfield>
    <subfield code="y">EN</subfield>
  </datafield>
</record>
